Average Rate of Change Over An Interval - Statistics

General Stats
  • This quiz has been taken 4 times
  • The average score is 7 of 10
Answer Stats
Function & Interval Answer % Correct
f(x) = x + 6; [3,18] 1
100%
f(x) = x² + 2x - 6; [-2,4] 4
100%
f(x) = 5x - 2; [2,4] 5
100%
f(x) = 5x - 10; [-2,3] 5
100%
f(x) = x³ - 3x + 12; [-6,2] 25
67%
f(x) = (x²)(x³); [-2,3] 55
67%
f(x) = (x + 3)(x + 5); [-5,3] 6
67%
f(x) = (-x)² + 12; [2,5] 7
67%
f(x) = √x - 4; [16,36] 0.1
33%
f(x) = 12x + 2x³; [3,7] 170
33%
No matching quizzes found
Score Distribution
Percent of People with Each Score
Percentile by Number Answered
Your Score History
You have not taken this quiz